000
00302 a2200145 4500
001
180803
020
_a
040
_c
Magnum
100
_a
Moreira, Eliane
240
1
0
_a
Caminho de esperanca
_l
por
245
1
0
_a
Caminho de esperanca
362
0
_a
1899
697
_a
MAGNITO: RELIGIAO
942
_c
BK
999
_c
180803
_d
180803